| 000 | 00612nam a22001697a 4500 | ||
|---|---|---|---|
| 999 |
_c18141 _d18141 |
||
| 008 | 200121b xxu||||| |||| 00| 0 eng d | ||
| 020 | _a9966896589 | ||
| 040 |
_aKABU _cKABU |
||
| 050 |
_aS535 _b.K4A37 2002 c. 1 |
||
| 245 |
_aAgricultural education in Kenya and Tanzania (1968-1998) _cDavid Ngugi ...[et al.]. |
||
| 260 |
_aNairobi, Kenya _bRegional Land Management Unit (RELMA) _c2002 |
||
| 300 | _ax, 113 p. | ||
| 650 |
_aAgriculture _vStudy and teaching (Higher) _zKenya |
||
| 650 |
_aAgriculture _vStudy and teaching (Higher) _zTanzania |
||
| 700 | _aNgugi, David ...[et al.]. | ||
| 942 |
_2lcc _cBK _hS535 |
||